Catálogo
 En Linea

Cazadores de cabezas en el Amazonas : (Registro nro. 42657)

Detalles MARC
000 -CABECERA
campo de control de longitud fija 00959nam a2200241 a 4500
001 - NÚMERO DE CONTROL
campo de control 000043168
005 - FECHA Y HORA DE LA ÚLTIMA TRANSACCIÓN
campo de control 20201002040706.0
008 - DATOS DE LONGITUD FIJA--INFORMACIÓN GENERAL
campo de control de longitud fija 140220s2000 sp abc 001 0 spa d
020 ## - NÚMERO INTERNACIONAL ESTÁNDAR DEL LIBRO
Número Internacional Estándar del Libro 8440692579
040 ## - FUENTE DE LA CATALOGACIÓN
Centro catalogador/agencia de origen DO-SdBNP
Lengua de catalogación spa
Centro/agencia transcriptor BNPHU
041 17 - CÓDIGO DE LENGUA
Código de lengua del texto/banda sonora o título independiente spa
Código de lengua original eng
082 ## - NÚMERO DE LA CLASIFICACIÓN DECIMAL DEWEY
Número de clasificación xxx
Número de documento/Ítem xxx
100 1# - ENTRADA PRINCIPAL--NOMBRE DE PERSONA
Nombre de persona Up de Graff, F. W.
9 (RLIN) 70740
240 10 - TÍTULO UNIFORME
Título uniforme Head-hunters of the Amazon.
Lenguaje de la obra Español
245 10 - MENCIÓN DE TÍTULO
Título Cazadores de cabezas en el Amazonas :
Resto del título siete años de exploraciones y aventuras /
Mención de responsabilidad, etc. F. W. Up de Graf ; prólogo de R. B. Cunninghame Graham ; traducción de Julia Héctor de Zavalla.
260 ## - PUBLICACIÓN, DISTRIBUCIÓN, ETC.
Lugar de publicación, distribución, etc. Barcelona :
Nombre del editor, distribuidor, etc. Ediciones B,
Fecha de publicación, distribución, etc. 2000.
300 ## - DESCRIPCIÓN FÍSICA
Extensión 355 p. :
Otras características físicas il., mapas, retrs. ;
Dimensiones 23 cm.
490 1# - MENCIÓN DE SERIE
Mención de serie Biblioteca grandes viajeros
500 ## - NOTA GENERAL
Nota general Incluye referencias bibliográficas y notas al pie de las páginas
700 12 - PUNTO DE ACCESO ADICIONAL--NOMBRE DE PERSONA
Nombre de persona Zavalla, Julia Héctor de
Término indicativo de función/relación tr
9 (RLIN) 70741
700 12 - PUNTO DE ACCESO ADICIONAL--NOMBRE DE PERSONA
Nombre de persona Cunninghame Graham, R. B.
Término indicativo de función/relación pról.
9 (RLIN) 70742
830 #0 - PUNTO DE ACCESO ADICIONAL DE SERIE-TÍTULO UNIFORME
Título uniforme Biblioteca grandes viajeros
9 (RLIN) 70743
Existencias
Estado de retiro Estado de pérdida Restricciones de uso No para préstamo Código de colección Localización permanente Ubicación/localización actual Ubicación en estantería Fecha de adquisición Número de inventario Total de préstamos Signatura topográfica completa Código de barras Fecha visto por última vez Precio válido a partir de Tipo de ítem Koha
      Excluido de préstamo Monografías: Libros y Folletos General General En catalogación 20.02.2014 LF1   xxx xxx 43168-10 25.06.2020 25.06.2020 No se presta

Con tecnología Koha